MARC details
| 000 -CABECERA |
| campo de control de longitud fija |
01194nam a2200229 a 4500 |
| 001 - NÚMERO DE CONTROL |
| campo de control |
000006058 |
| 005 - FECHA Y HORA DE LA ÚLTIMA TRANSACCIÓN |
| campo de control |
20260317092750.0 |
| 008 - DATOS DE LONGITUD FIJA--INFORMACIÓN GENERAL |
| campo de control de longitud fija |
090826s1986 dr 001 0 spa d |
| 040 ## - FUENTE DE LA CATALOGACIÓN |
| Centro catalogador/agencia de origen |
DO-SdBNP |
| Lengua de catalogación |
spa |
| Centro/agencia transcriptor |
BNPHU |
| 082 ## - NÚMERO DE LA CLASIFICACIÓN DECIMAL DEWEY |
| Número de clasificación |
345.05044 |
| Número de documento/Ítem |
A185L |
| 100 1# - ENTRADA PRINCIPAL--NOMBRE DE PERSONA |
| Nombre de persona |
Acosta García, Juan Pablo |
| 9 (RLIN) |
17060 |
| 245 13 - MENCIÓN DE TÍTULO |
| Título |
La legítima defensa / |
| Mención de responsabilidad, etc. |
Juan Pablo Acosta García. |
| 260 ## - PUBLICACIÓN, DISTRIBUCIÓN, ETC. |
| Lugar de publicación, distribución, etc. |
Moca, República Dominicana : |
| Nombre del editor, distribuidor, etc. |
Offsetolga, |
| Fecha de publicación, distribución, etc. |
1986. |
| 300 ## - DESCRIPCIÓN FÍSICA |
| Extensión |
127 p. ; |
| Dimensiones |
21 cm. |
| 504 ## - NOTA DE BIBLIOGRAFÍA, ETC. |
| Nota de bibliografía, etc. |
Bibliografía: p.122-124. |
| 505 0# - NOTA DE CONTENIDO CON FORMATO |
| Información miscelánea |
Introducción -- |
| Título |
Breve panorama histórico de la legítima defensa -- |
| -- |
La legítima defensa. Concepto -- |
| -- |
Los sujetos en la legítima defensa -- |
| -- |
Derechos y bienes defendibles legítimamente -- |
| -- |
Condiciones de la legítima defensa -- |
| -- |
La legítima defensa en derecho francés y dominicano -- |
| -- |
La legítima defensa social -- |
| Información miscelánea |
Conclusiones -- |
| -- |
Recomendaciones -- |
| -- |
Apéndice: El Pro-Milón, discurso de Cicerón pronunciado en defensa de Milón -- |
| -- |
Bibliografía. |
| 590 ## - NOTA LOCAL (RLIN) |
| Nota local |
Inventariado,2018/DG |
| 650 #4 - PUNTO DE ACCESO ADICIONAL DE MATERIA--TÉRMINO DE MATERIA |
| Término de materia o nombre geográfico como elemento de entrada |
Legítima defensa |
| 9 (RLIN) |
17061 |
| 650 #0 - PUNTO DE ACCESO ADICIONAL DE MATERIA--TÉRMINO DE MATERIA |
| Término de materia o nombre geográfico como elemento de entrada |
Acción y defensa (Derecho) |
| 9 (RLIN) |
17062 |
| 650 #0 - PUNTO DE ACCESO ADICIONAL DE MATERIA--TÉRMINO DE MATERIA |
| Término de materia o nombre geográfico como elemento de entrada |
Defensa (Procedimiento penal) |
| 9 (RLIN) |
17063 |
| 910 ## - DATOS DE OPCIÓN DEL USUARIO (OCLC) |
| Datos de opción del usuario |
Validado. Control de calidad EMS |